Carlos Amorales : (Record no. 408)

MARC details
000 -LEADER
campo de control de longitud fija 01098cam a2200313 a 4500
001 - NÚMERO DE CONTROL
campo de control 6258201
005 - FECHA Y HORA DE LA ÚLTIMA TRANSACCIÓN
campo de control 20220326193309.0
008 - DATOS DE LONGITUD FIJA--INFORMACIÓN GENERAL
campo de control de longitud fija 070803s2007 gw a 000 0 eng
015 ## - NÚMERO DE BIBLIOGRAFÍA NACIONAL
Número de bibliografía nacional GBA767093
Fuente bnb
016 7# - NÚMERO DE CONTROL DE UNA AGENCIA BIBLIOGRÁFICA NACIONAL
Número de control del registro 013824583
Fuente Uk
020 ## - NÚMERO INTERNACIONAL ESTÁNDAR DEL LIBRO
Número Internacional Estándar del Libro 9783775720465 (hbk.)
020 ## - NÚMERO INTERNACIONAL ESTÁNDAR DEL LIBRO
Número Internacional Estándar del Libro 3775720464 (hbk.)
035 ## - NÚMERO DE CONTROL DEL SISTEMA
Número de control de sistema (OCoLC)ocn166315569
035 ## - NÚMERO DE CONTROL DEL SISTEMA
Número de control de sistema (NNC)6258201
040 ## - FUENTE DE CATALOGACIÓN
Centro catalogador/agencia de origen UKM
Centro/agencia transcriptor UKM
Centro/agencia modificador NNC
041 0# - CÓDIGO DE IDIOMA
Código de lengua del texto/banda sonora o título independiente eng
-- spa
082 04 - NÚMERO DE LA CLASIFICACIÓN DECIMAL DEWEY
Número de clasificación 708
Número de ítem A524d
100 1# - ENTRADA PRINCIPAL--NOMBRE DE PERSONA
Nombre de persona Amorales, Carlos,
Fechas asociadas al nombre 1970-
9 (RLIN) 1962
245 10 - MENCIÓN DEL TÍTULO
Título Carlos Amorales :
Resto del título dark mirror /
Mención de responsabilidad, etc. edited by Daros-Latinamerica Collection, Hans-Michael Herzog & Katrin Steffen.
260 ## - PUBLICACIÓN, DISTRIBUCIÓN, ETC.
Lugar de publicación, distribución, etc. Ostfildern :
Nombre del editor, distribuidor, etc. Hatje Cantz ;
Lugar de publicación, distribución, etc. Maidstone :
Nombre del editor, distribuidor, etc. Amalgamated Book Services [distributor],
Fecha de publicación, distribución, etc. 2007.
300 ## - DESCRIPCIÓN FÍSICA
Extensión ca. 124 p. :
Otras características físicas many ill. (partly col.) ;
Dimensiones 27 x 21 cm.
546 ## - NOTA DE IDIOMA
Nota de lengua/lenguaje Text in English and Spanish.
600 10 - PUNTO DE ACCESO ADICIONAL DE MATERIA--NOMBRE DE PERSONA
Nombre de persona Amorales, Carlos,
Fechas asociadas al nombre 1970-
Subdivisión de forma Exhibitions.
9 (RLIN) 1963
700 1# - ENTRADA AGREGADA--NOMBRE PERSONAL
Nombre de persona Herzog, Hans-Michael,
Fechas asociadas al nombre 1956-
9 (RLIN) 1964
700 1# - ENTRADA AGREGADA--NOMBRE PERSONAL
Nombre de persona Steffen, Katrin.
9 (RLIN) 1965
710 2# - ENTRADA AGREGADA--NOMBRE DE ENTIDAD CORPORATIVA
Nombre de entidad corporativa o nombre de jurisdicción como elemento de entrada Daros-Latinamerica (Art Collection)
9 (RLIN) 1849
948 1# - PROCESAMIENTO DE INFORMACIÓN LOCAL (OCLC); DESIGNADOR DE PARTE DE LA SERIE (RLIN)
Designador de la parte de la serie, SPT (RLIN) 20070905
b (OCLC) c
c (OCLC) rhg9
d (OCLC) SCMC
Holdings
Estatus retirado Estado de pérdida Fuente del sistema de clasificación o colocación Estado de daño No para préstamo Biblioteca de origen Biblioteca actual Ubicación en estantería Fecha de adquisición Total de préstamos Signatura topográfica completa Código de barras Visto por última vez Precio de reemplazo Tipo de ítem Koha
    Clasificación Decimal Dewey     Biblioteca LadoV Biblioteca LadoV   17/01/2015   708 A524d 000566 17/01/2015 17/01/2015 Material 01